[Event "World Rapid 2023"]
[Site "Samarkand UZB"]
[Date "2023.12.27"]
[EventDate "2023.12.26"]
[Round "7.31"]
[Result "0-1"]
[White "Ter-Sahakyan, Samvel"]
[Black "R Praggnanandhaa"]
[WhiteElo "2643"]
[BlackElo "2740"]
[PlyCount "92"]

1. e4 e5 2. Nf3 Nc6 3. Bb5 Nge7 4. Nc3 Ng6 5. d4 Nxd4 6. Nxd4 exd4 7. Qxd4 c6 8.
Be2 Qb6 9. Qd3 Be7 10. h4 Bxh4 11. g3 Bf6 12. f4 d5 13. exd5 O-O 14. Bd2 Rd8 15.
O-O-O Rxd5 16. Qf3 Be6 17. Be3 Rxd1+ 18. Bxd1 Bd5 19. Qf2 Qa5 20. Nxd5 Qxd5 21.
Qh2 h6 22. Kb1 Re8 23. Bc1 Bd4 24. Rf1 Qb5 25. Qg2 Nf8 26. Rf3 Bb6 27. g4 Qd5
28. Qf1 Ne6 29. g5 Rd8 30. Rd3 Qf5 31. Rf3 h5 32. Be2 Nc5 33. Bc4 Re8 34. a3 a5
35. g6 Qxg6 36. f5 Qf6 37. Rh3 h4 38. Qg1 Nd7 39. Qh1 Bf2 40. Bd2 Bg3 41. Bd3
Nc5 42. Bc3 Qg5 43. Bc4 Ne4 44. Qf3 b5 45. Bd3 Nxc3+ 46. bxc3 Re1+ 0-1

[Event "World Rapid 2023"]
[Site "Samarkand UZB"]
[Date "2023.12.27"]
[EventDate "2023.12.26"]
[Round "7.32"]
[Result "0-1"]
[White "AR Saleh Salem"]
[Black "Rudik Makarian"]
[WhiteElo "2639"]
[BlackElo "2530"]
[PlyCount "144"]

1. d4 Nf6 2. c4 e6 3. Nf3 d5 4. g3 Bb4+ 5. Bd2 Be7 6. Bg2 O-O 7. O-O Nbd7 8. Qc2
c6 9. Rd1 a5 10. Bf4 Nh5 11. Bc1 b5 12. c5 f5 13. a3 g5 14. Nc3 Bf6 15. Ra2 Qe7
16. b4 a4 17. Bb2 Ng7 18. e3 Bb7 19. Ne2 e5 20. dxe5 Nxe5 21. Nxe5 Bxe5 22. Raa1
Rae8 23. Nd4 h5 24. Re1 h4 25. f4 Bxd4 26. Bxd4 g4 27. gxh4 Qxh4 28. Qf2 Qh6 29.
Ra2 Re6 30. Bf1 Rg6 31. Bd3 Bc8 32. Qg3 Kf7 33. Rg2 Nh5 34. Qh4 Nf6 35. Qxh6
Rxh6 36. Ree2 Rfh8 37. Rd2 R8h7 38. Be5 Be6 39. Bd4 Rh3 40. Rg3 R3h4 41. Rgg2
R4h5 42. Bc2 Rh3 43. Bb1 Ne4 44. Bxe4 dxe4 45. Rg3 Bc4 46. Rdg2 R3h4 47. Rb2 Ke6
48. Rgg2 Kd5 49. Rbc2 Bd3 50. Ra2 Kc4 51. Rab2 Rh3 52. Rg3 R3h5 53. Be5 Rd7 54.
Bd6 Rdh7 55. Be5 Rh3 56. Bf6 Rd7 57. Be5 Rd5 58. Rxh3 gxh3 59. Kf2 Rd8 60. Kg3
Rg8+ 61. Kh4 Rg4+ 62. Kh5 Rg2 63. Kh4 Rg4+ 64. Kh5 Rg2 65. Kh4 Rxb2 66. Bxb2 Kb3
67. Bd4 Kxa3 68. Kg5 Kxb4 69. Kxf5 a3 70. Ke5 Ka4 71. Kd6 b4 72. Kxc6 b3 0-1

[Event "World Rapid 2023"]
[Site "Samarkand UZB"]
[Date "2023.12.27"]
[EventDate "2023.12.26"]
[Round "7.33"]
[Result "1-0"]
[White "Parham Maghsoodloo"]
[Black "M Pranesh"]
[WhiteElo "2742"]
[BlackElo "2523"]
[PlyCount "104"]

1. c4 e6 2. Nc3 d5 3. d4 Nf6 4. cxd5 exd5 5. Bg5 Bb4 6. Qa4+ Nc6 7. e3 h6 8.
Bxf6 Qxf6 9. Bb5 O-O 10. Ne2 a5 11. O-O Ne7 12. Bd3 c6 13. Qc2 Bf5 14. Ng3 Bg6
15. Bxg6 Qxg6 16. Qxg6 fxg6 17. Na4 Nf5 18. Ne2 g5 19. h3 Rf7 20. Nc5 Bxc5 21.
dxc5 a4 22. b4 axb3 23. axb3 Rff8 24. b4 Kf7 25. g4 Ne7 26. Nd4 Rfc8 27. f3 Ke8
28. Kf2 Kd7 29. f4 gxf4 30. exf4 Ng6 31. f5 Nf4 32. Rxa8 Rxa8 33. Kg3 Nd3 34. f6
g5 35. Rf3 Nf4 36. Re3 Re8 37. Ra3 Kc7 38. h4 Rf8 39. Re3 Rxf6 40. Re7+ Kb8 41.
h5 Ka7 42. b5 cxb5 43. c6 Ka6 44. c7 Rf8 45. Nf5 b4 46. Nd6 b3 47. Ne8 b2 48.
c8=Q Ne2+ 49. Kg2 Nf4+ 50. Kh2 b1=Q 51. Qa8+ Kb6 52. Rxb7+ 1-0

[Event "World Rapid 2023"]
[Site "Samarkand UZB"]
[Date "2023.12.27"]
[EventDate "2023.12.26"]
[Round "7.34"]
[Result "1/2-1/2"]
[White "Aydin Suleymanli"]
[Black "Yuriy Kuzubov"]
[WhiteElo "2609"]
[BlackElo "2613"]
[PlyCount "160"]

1. c4 Nf6 2. Nf3 e6 3. g3 d5 4. Bg2 Be7 5. O-O O-O 6. d4 dxc4 7. Qc2 a6 8. a4
Bd7 9. Rd1 Bc6 10. Nc3 Bxf3 11. Bxf3 Nc6 12. Bxc6 bxc6 13. a5 Nd5 14. e4 Nb4 15.
Qe2 Nd3 16. Ra4 Qxd4 17. Be3 Qf6 18. Rxc4 Ne5 19. Bd4 Nf3+ 20. Kg2 Nxd4 21.
Rdxd4 Qe5 22. Rd7 Bd6 23. f4 Qxa5 24. e5 Bb4 25. Ne4 Rad8 26. Rcd4 Rxd7 27. Rxd7
h6 28. Qg4 Qa2 29. Nf6+ Kh8 30. Nh5 g6 31. Nf6 Qxb2+ 32. Kh3 Qb1 33. Qxe6 Qf1+
34. Kh4 g5+ 35. fxg5 hxg5+ 36. Kh5 Qe2+ 37. Qg4 Qxh2+ 38. Kxg5 Bd2+ 39. Kf5 Qf2+
40. Ke4 Bh6 41. Qh5 Qc2+ 42. Kf3 Kg7 43. Ne8+ Kg8 44. Nf6+ Kg7 45. Ne8+ Kg8 46.
Qg4+ Kh8 47. Nf6 Qc3+ 48. Kf2 Qxe5 49. Qg6 Qe3+ 50. Kg2 Qe2+ 51. Kh3 Qf1+ 52.
Kh2 Qf2+ 53. Kh3 Qf1+ 54. Kg4 Qe2+ 55. Kh4 Qh2+ 56. Kg4 Bg7 57. Rxf7 Rxf7 58.
Qxf7 Qe2+ 59. Kh4 Bxf6+ 60. Qxf6+ Kg8 61. Qg6+ Kf8 62. Qf6+ Ke8 63. Qxc6+ Kf7
64. g4 Qe6 65. Qc2 Qh6+ 66. Kg3 Qd6+ 67. Kh4 Kg7 68. g5 Qe5 69. Kh5 a5 70. Qc6
Qh2+ 71. Kg4 Qd6 72. Qc3+ Kg6 73. Qc2+ Kf7 74. Qf5+ Kg7 75. Qxa5 Qd1+ 76. Kf4
Qd4+ 77. Kf5 Qd7+ 78. Kf4 Kg6 79. Qc5 Kh5 80. Ke4 1/2-1/2

[Event "World Rapid 2023"]
[Site "Samarkand UZB"]
[Date "2023.12.27"]
[EventDate "2023.12.26"]
[Round "7.35"]
[Result "1/2-1/2"]
[White "Mikhail Bryakin"]
[Black "Javokhir Sindarov"]
[WhiteElo "2486"]
[BlackElo "2701"]
[PlyCount "80"]

1. d4 Nf6 2. c4 g6 3. g3 c5 4. dxc5 Na6 5. Be3 Bg7 6. Bg2 Qa5+ 7. Qd2 Qxd2+ 8.
Bxd2 Nxc5 9. Nc3 d6 10. Rc1 Bf5 11. Be3 Nfe4 12. Nxe4 Bxe4 13. Bxe4 Nxe4 14. Rc2
Kd7 15. f3 Nc5 16. Nh3 Rhc8 17. Kd2 a5 18. Nf2 Na6 19. a3 Nc5 20. Bxc5 Rxc5 21.
Nd3 Rc6 22. b3 f5 23. h3 Rac8 24. Rhc1 g5 25. g4 f4 26. e3 fxe3+ 27. Kxe3 d5 28.
Kd2 d4 29. b4 axb4 30. axb4 Rf8 31. Nc5+ Rxc5 32. bxc5 Rxf3 33. Rb1 d3 34. Rcc1
Be5 35. Rxb7+ Kc8 36. Rcb1 Bf4+ 37. Kc3 Be5+ 38. Kd2 Bf4+ 39. Kc3 Be5+ 40. Kd2
Bf4+ 1/2-1/2

[Event "World Rapid 2023"]
[Site "Samarkand UZB"]
[Date "2023.12.27"]
[EventDate "2023.12.26"]
[Round "7.36"]
[Result "0-1"]
[White "Roman Kezin"]
[Black "Tigran L Petrosian"]
[WhiteElo "2502"]
[BlackElo "2561"]
[PlyCount "96"]

1. d4 d6 2. Nf3 Bg4 3. g3 Bxf3 4. exf3 c6 5. d5 cxd5 6. Qxd5 Nc6 7. Bg2 Nf6 8.
Qb3 Qd7 9. O-O g6 10. c4 Bg7 11. Be3 O-O 12. Nc3 Rfc8 13. Qd1 Qd8 14. Rc1 Qa5
15. f4 Rd8 16. Qe2 Rac8 17. Rfd1 e6 18. a3 a6 19. Rc2 Rd7 20. Rcd2 Rcd8 21. Rd3
Ne7 22. b4 Qc7 23. Na4 Nc8 24. Rc1 Qb8 25. h3 b5 26. cxb5 axb5 27. Nc3 d5 28.
Bd4 Nd6 29. Be5 Nfe8 30. Bxg7 Kxg7 31. Qb2 Nc4 32. Qa1 Kg8 33. Rcd1 Ncd6 34. h4
h5 35. Bf1 Ng7 36. Ne2 Ngf5 37. Bh3 Rc8 38. Rc1 Rdc7 39. Rdc3 Rc4 40. Rxc4 bxc4
41. Rb1 Qb6 42. a4 Ne4 43. Rf1 Nfxg3 44. Nxg3 Nxg3 45. a5 Ne2+ 46. Kh1 Qd4 47.
b5 Qe4+ 48. f3 0-1

[Event "World Rapid 2023"]
[Site "Samarkand UZB"]
[Date "2023.12.27"]
[EventDate "2023.12.26"]
[Round "7.37"]
[Result "1-0"]
[White "Bardiya Daneshvar"]
[Black "Henriquez Villagra, Cristobal"]
[WhiteElo "2591"]
[BlackElo "2607"]
[PlyCount "80"]

1. c4 Nf6 2. Nc3 g6 3. e4 d6 4. d4 Bg7 5. Be2 Na6 6. Nf3 O-O 7. O-O e5 8. Be3
Ng4 9. Bg5 f6 10. Bh4 Kh8 11. h3 Nh6 12. Bg3 Nf7 13. a3 c5 14. dxc5 dxc5 15. Qc2
Be6 16. Rfd1 Qc8 17. Nd5 Nd8 18. h4 Nc6 19. h5 gxh5 20. Nh4 Nd4 21. Qd3 Qe8 22.
Nf3 Bxd5 23. cxd5 c4 24. Qxc4 Rc8 25. Rxd4 exd4 26. Qxd4 Nc5 27. Nd2 Qa4 28. b4
Nb3 29. Nxb3 Qxb3 30. Rd1 Rc2 31. Bxh5 Rc4 32. Qxa7 Rxe4 33. d6 f5 34. d7 f4 35.
Bh4 f3 36. d8=Q Rxh4 37. Bxf3 Rxd8 38. Rxd8+ Bf8 39. Rxf8+ Kg7 40. Rd8 1-0

[Event "World Rapid 2023"]
[Site "Samarkand UZB"]
[Date "2023.12.27"]
[EventDate "2023.12.26"]
[Round "7.38"]
[Result "1/2-1/2"]
[White "Kazybek Nogerbek"]
[Black "S L Narayanan"]
[WhiteElo "2483"]
[BlackElo "2677"]
[PlyCount "116"]

1. d4 Nf6 2. c4 e6 3. Nf3 d5 4. Nc3 Bb4 5. cxd5 exd5 6. Bg5 h6 7. Bh4 O-O 8. e3
c5 9. dxc5 Nbd7 10. Qd4 Bxc5 11. Qd2 Be7 12. Be2 Nb6 13. O-O Bf5 14. Nd4 Bg6 15.
Bd3 Ne4 16. Bxe4 dxe4 17. Bxe7 Qxe7 18. Qe2 Rac8 19. Rac1 a6 20. Qg4 Rc5 21. Qf4
Rfc8 22. Rcd1 Nc4 23. Na4 Ra5 24. b3 Ne5 25. Nb6 Rd8 26. Nc4 Nxc4 27. bxc4 Rxa2
28. Rb1 Ra5 29. Rb6 Rc5 30. Rc1 Rdc8 31. h3 Kh7 32. Rcb1 R8c7 33. R6b4 Rxc4 34.
Rxc4 Rxc4 35. Qb8 Rc7 36. Qa7 Qd6 37. g3 Qd7 38. Kh2 Bf5 39. g4 Be6 40. Qb6 Bd5
41. Nf5 Rc2 42. Kg2 Bc6 43. Nd4 Rd2 44. Qb4 Rd3 45. Qc5 Qd5 46. Rc1 Rd2 47. Nxc6
bxc6 48. Qxc6 Qd3 49. Qc8 g6 50. Rc7 Kg7 51. Qe6 Rxf2+ 52. Kxf2 Qd2+ 53. Kf1
Qd1+ 54. Kg2 Qf3+ 55. Kh2 Qf2+ 56. Kh1 Qf3+ 57. Kh2 Qe2+ 58. Kh1 1/2-1/2

[Event "World Rapid 2023"]
[Site "Samarkand UZB"]
[Date "2023.12.27"]
[EventDate "2023.12.26"]
[Round "7.39"]
[Result "1-0"]
[White "Ortik Nigmatov"]
[Black "M Amin Tabatabaei"]
[WhiteElo "2439"]
[BlackElo "2692"]
[PlyCount "98"]

1. e4 c5 2. Nf3 d6 3. d4 cxd4 4. Nxd4 Nf6 5. Nc3 a6 6. Bg5 Nbd7 7. Qe2 b5 8. a3
Bb7 9. O-O-O Rc8 10. Bd2 g6 11. f4 Qc7 12. Be1 Bh6 13. g3 O-O 14. Kb1 e5 15.
fxe5 dxe5 16. Nb3 Nb6 17. Bh3 Rcd8 18. Bf2 Nc4 19. Bc5 Nd2+ 20. Ka2 Rfe8 21. Bb4
Nxb3 22. cxb3 Rd4 23. Bg2 Qb6 24. Nd5 Nxd5 25. exd5 Rxd1 26. Rxd1 a5 27. Be1 e4
28. d6 a4 29. bxa4 bxa4 30. Bb4 Bf8 31. Qc4 Rd8 32. Bxe4 Bxe4 33. Qxe4 Bxd6 34.
Qd4 Qxd4 35. Rxd4 Be7 36. Rxd8+ Bxd8 37. b3 axb3+ 38. Kxb3 f5 39. a4 g5 40. Bd2
Kf7 41. a5 f4 42. gxf4 gxf4 43. a6 Bb6 44. Bxf4 Ba7 45. Kc4 Ke6 46. Kd3 Kd5 47.
Be3 Bxe3 48. Kxe3 Kc6 49. Ke4 1-0

[Event "World Rapid 2023"]
[Site "Samarkand UZB"]
[Date "2023.12.27"]
[EventDate "2023.12.26"]
[Round "7.40"]
[Result "1-0"]
[White "Alan Pichot"]
[Black "Raymond Song"]
[WhiteElo "2651"]
[BlackElo "2503"]
[PlyCount "114"]

1. e4 c5 2. Nf3 d6 3. d4 cxd4 4. Nxd4 Nf6 5. Nc3 a6 6. Bd3 e5 7. Nde2 Be7 8. O-O
Be6 9. f4 exf4 10. Nxf4 Nc6 11. b3 Ne5 12. Bb2 O-O 13. Qe1 Rc8 14. h3 Nfd7 15.
Rd1 Bh4 16. Qe2 Qg5 17. Ncd5 Rfe8 18. c4 Nxd3 19. Qxd3 Ne5 20. Qe2 Bg3 21. Nh5
Bh4 22. Bc1 Qd8 23. Bf4 Bxd5 24. Rxd5 g6 25. Rfd1 Qe7 26. Ng3 Rc6 27. Qd2 Qe6
28. Ne2 Qc8 29. Nd4 Rc5 30. Rxd6 b5 31. cxb5 axb5 32. Kh1 Qa8 33. Qe2 Qb7 34.
Rd5 Nd7 35. Qf3 Bf6 36. Rxc5 Nxc5 37. e5 Bxe5 38. Qxb7 Nxb7 39. Re1 f6 40. Nxb5
Kf7 41. Bxe5 fxe5 42. Rc1 Re7 43. Kg1 Rd7 44. Rc7 Rxc7 45. Nxc7 Nc5 46. Nd5 Ke6
47. Nc3 Nd3 48. Kf1 Kd6 49. Ke2 Nf4+ 50. Kf3 Ne6 51. b4 Nd4+ 52. Ke4 Nf5 53. a4
h5 54. a5 Nh4 55. a6 Kc7 56. Nd5+ Kb8 57. b5 1-0

[Event "World Rapid 2023"]
[Site "Samarkand UZB"]
[Date "2023.12.27"]
[EventDate "2023.12.26"]
[Round "7.41"]
[Result "1/2-1/2"]
[White "Sanan Sjugirov"]
[Black "Mittal Aditya"]
[WhiteElo "2703"]
[BlackElo "2595"]
[PlyCount "92"]

1. e4 e5 2. Nf3 Nc6 3. Bc4 Nf6 4. d3 d5 5. exd5 Nxd5 6. O-O Nb6 7. Bb5 Bd6 8.
Re1 f6 9. Bxc6+ bxc6 10. Nbd2 O-O 11. Ne4 Bf5 12. Ng3 Bd7 13. d4 Bg4 14. h3 Bxf3
15. Qxf3 exd4 16. Qxc6 Bxg3 17. fxg3 Qd5 18. Qxd5+ Nxd5 19. Rd1 c5 20. c3 Rfe8
21. cxd4 c4 22. Bd2 Rab8 23. Rab1 Re2 24. Kf1 Re4 25. Rdc1 Rxd4 26. Be1 Kf7 27.
Bf2 Re4 28. Rd1 Ke6 29. Rd4 Nc3 30. Re1 Rxe1+ 31. Bxe1 Nd5 32. Bc3 Kd6 33. Ke2
Kc5 34. Kd2 Re8 35. b3 cxb3 36. axb3 Nxc3 37. Rc4+ Kb5 38. Rxc3 Rd8+ 39. Kc2 Rd7
40. Rc4 Re7 41. Kd2 a5 42. g4 Rd7+ 43. Kc2 Rd5 44. Rf4 Re5 45. Kd2 Rd5+ 46. Kc2
Re5 1/2-1/2

[Event "World Rapid 2023"]
[Site "Samarkand UZB"]
[Date "2023.12.27"]
[EventDate "2023.12.26"]
[Round "7.42"]
[Result "1-0"]
[White "Savva Vetokhin"]
[Black "Nodirbek Yakubboev"]
[WhiteElo "2396"]
[BlackElo "2661"]
[PlyCount "92"]

1. d4 Nf6 2. c4 e6 3. Nf3 d5 4. Nc3 Bb4 5. Bg5 h6 6. Bxf6 Qxf6 7. e3 O-O 8. Rc1
dxc4 9. Bxc4 c5 10. O-O cxd4 11. Ne4 Qe7 12. a3 Ba5 13. Qxd4 Nc6 14. Qc5 Qxc5
15. Nxc5 Rd8 16. Bb5 Ne7 17. b4 Bb6 18. Na4 Bd7 19. Bxd7 Rxd7 20. Rfd1 Rad8 21.
Rxd7 Rxd7 22. Nxb6 axb6 23. Kf1 f6 24. Ke2 Kf7 25. Nd2 g5 26. b5 h5 27. Nc4 Nc8
28. Ne5+ fxe5 29. Rxc8 Kf6 30. Kf3 Rd3 31. Rc7 Rxa3 32. Rxb7 Ra2 33. g3 g4+ 34.
Kg2 e4 35. Rxb6 Rb2 36. Rb8 Rb1 37. b6 Kg7 38. b7 Kh7 39. h3 Kg7 40. hxg4 hxg4
41. Kh2 Rb2 42. Kg1 Rb1+ 43. Kg2 Kh7 44. Re8 Rxb7 45. Rxe6 Rb4 46. Rf6 1-0

[Event "World Rapid 2023"]
[Site "Samarkand UZB"]
[Date "2023.12.27"]
[EventDate "2023.12.26"]
[Round "7.43"]
[Result "0-1"]
[White "Arystan Isanzhulov"]
[Black "Igor Lysyj"]
[WhiteElo "2407"]
[BlackElo "2589"]
[PlyCount "106"]

1. e4 e5 2. Nf3 Nc6 3. Nc3 Nf6 4. d4 exd4 5. Nxd4 Bb4 6. Nxc6 bxc6 7. Bd3 O-O 8.
O-O d5 9. exd5 cxd5 10. h3 c6 11. Qf3 Bd6 12. Bf4 Qc7 13. Bxd6 Qxd6 14. Rfe1 Bd7
15. Rad1 Rfe8 16. b3 Rxe1+ 17. Rxe1 Re8 18. Re2 c5 19. Rxe8+ Bxe8 20. Ne2 Bc6
21. Qf4 Qxf4 22. Nxf4 Kf8 23. c3 Ke7 24. f3 Kd6 25. Kf2 a5 26. Ne2 h6 27. a3 Nd7
28. Ke3 Nb6 29. h4 a4 30. bxa4 Nxa4 31. Ba6 g5 32. hxg5 hxg5 33. g3 f6 34. f4
Bd7 35. Kd2 c4 36. fxg5 fxg5 37. Nd4 Nc5 38. Bb5 Ne4+ 39. Ke3 Nxg3 40. Bxd7 Kxd7
41. Nf3 Ne4 42. Ne5+ Kd6 43. Nxc4+ dxc4 44. Kxe4 Kc6 45. Kf5 Kb5 46. Kxg5 Ka4
47. Kf4 Kxa3 48. Ke3 Kb2 49. Kd2 Kb3 50. Kd1 Kxc3 51. Kc1 Kd3 52. Kd1 c3 53. Kc1
c2 0-1

[Event "World Rapid 2023"]
[Site "Samarkand UZB"]
[Date "2023.12.27"]
[EventDate "2023.12.26"]
[Round "7.44"]
[Result "0-1"]
[White "Liam Vrolijk"]
[Black "Anish Giri"]
[WhiteElo "2566"]
[BlackElo "2754"]
[PlyCount "62"]

1. d4 d5 2. c4 c6 3. Nf3 Nf6 4. Nc3 dxc4 5. a4 Bf5 6. Ne5 Nbd7 7. Nxc4 Nb6 8.
Ne5 a5 9. h4 h6 10. f3 e6 11. e4 Bh7 12. Be3 Nfd7 13. Nd3 Bd6 14. Bf2 Qc7 15.
Qb3 Bg3 16. Rh3 Bxf2+ 17. Kxf2 O-O 18. g4 Kh8 19. g5 Rae8 20. Rd1 f6 21. gxh6
gxh6 22. Qc2 e5 23. Qc1 f5 24. Qxh6 exd4 25. Rg3 Rg8 26. Ne2 fxe4 27. Ndf4 d3
28. h5 dxe2 29. Ng6+ Rxg6 30. hxg6 exd1=N+ 31. Kg2 Nf6 0-1

[Event "World Rapid 2023"]
[Site "Samarkand UZB"]
[Date "2023.12.27"]
[EventDate "2023.12.26"]
[Round "7.45"]
[Result "1-0"]
[White "Andrey Esipenko"]
[Black "Klementy Sychev"]
[WhiteElo "2702"]
[BlackElo "2542"]
[PlyCount "62"]

1. e4 d5 2. exd5 Qxd5 3. Nc3 Qa5 4. d4 Nf6 5. Nf3 g6 6. h3 Bg7 7. Bc4 O-O 8. O-O
c5 9. dxc5 Qxc5 10. Qe2 Nc6 11. Be3 Qb4 12. a3 Qa5 13. Rad1 Bf5 14. Nd4 Nxd4 15.
Bxd4 e5 16. Be3 Rad8 17. Nb5 a6 18. Nd6 Qc7 19. Nxf5 gxf5 20. Bg5 e4 21. Bb3 Qe5
22. Qe3 Rxd1 23. Rxd1 Nh5 24. Rd5 Qxb2 25. Rxf5 Qa1+ 26. Kh2 Be5+ 27. g3 Ng7 28.
Rxf7 Rxf7 29. Qc5 Qc3 30. Qd5 Qc7 31. Bd8 1-0

[Event "World Rapid 2023"]
[Site "Samarkand UZB"]
[Date "2023.12.27"]
[EventDate "2023.12.26"]
[Round "7.47"]
[Result "1/2-1/2"]
[White "Jens Hirneise"]
[Black "Surya Shekhar Ganguly"]
[WhiteElo "2270"]
[BlackElo "2578"]
[PlyCount "130"]

1. e4 e5 2. Nf3 Nc6 3. Bb5 a6 4. Ba4 Nf6 5. Nc3 b5 6. Bb3 Bc5 7. Nd5 d6 8. d3 h6
9. Nxf6+ Qxf6 10. Bd5 Bd7 11. c3 Rb8 12. Be3 Ne7 13. Bb3 Ng6 14. Qd2 a5 15. a3
Bg4 16. Bd1 Bxf3 17. Bxf3 Nh4 18. Qe2 h5 19. Bxc5 dxc5 20. Qe3 g5 21. O-O Nxf3+
22. gxf3 Qe7 23. b4 cxb4 24. cxb4 a4 25. Rac1 Rh6 26. d4 exd4 27. Qxd4 Rd8 28.
Qg7 Rdd6 29. Rc5 c6 30. Rfc1 Kd7 31. Qc3 Qe6 32. Qe3 Qb3 33. R5c3 Qe6 34. e5 Rd5
35. Qa7+ Ke8 36. Rxc6 Qxc6 37. Rxc6 Rd1+ 38. Kg2 Rxc6 39. Qa8+ Kd7 40. Qb7+ Rc7
41. Qxb5+ Ke7 42. f4 gxf4 43. Qxa4 Rd4 44. Qa6 f3+ 45. Kxf3 Rc3+ 46. Kg2 Rg4+
47. Kf1 Rgc4 48. h3 Rc6 49. Qa7+ Rc7 50. Qd4 Ke8 51. b5 Rxa3 52. b6 Rc1+ 53. Kg2
Rb1 54. Qd6 Rab3 55. e6 fxe6 56. Qxe6+ Kf8 57. Qf5+ Kg7 58. Qg5+ Kf8 59. Qxh5
Rxb6 60. h4 Kg7 61. Qe5+ Kh7 62. Qf5+ Kg7 63. Qe5+ Kh7 64. Qh5+ Kg7 65. Qe5+ 1/2-1/2

[Event "World Rapid 2023"]
[Site "Samarkand UZB"]
[Date "2023.12.27"]
[EventDate "2023.12.26"]
[Round "7.48"]
[Result "1/2-1/2"]
[White "Gadir Guseinov"]
[Black "Sumiya Bilguun"]
[WhiteElo "2636"]
[BlackElo "2466"]
[PlyCount "232"]

1. e4 c5 2. Nc3 e6 3. d4 cxd4 4. Qxd4 Nc6 5. Qe3 a6 6. b3 Nf6 7. Bb2 Qc7 8.
O-O-O d6 9. Kb1 Bd7 10. f3 Be7 11. g4 h6 12. h4 O-O-O 13. Na4 Kb8 14. Nb6 Ne5
15. Nh3 Bc6 16. Be2 Rhg8 17. g5 hxg5 18. hxg5 Nfd7 19. Nxd7+ Nxd7 20. Nf2 d5 21.
exd5 Bc5 22. Qc3 Bxd5 23. Ne4 Be7 24. Qxc7+ Kxc7 25. Rh7 Bxe4 26. fxe4 Bxg5 27.
Bxg7 f6 28. e5 Kb8 29. Rg1 Be3 30. Rf1 fxe5 31. Rf7 Bd4 32. b4 Kc8 33. a3 Nb6
34. Bg4 Rge8 35. Rh6 Rd7 36. Rxe6 Rxf7 37. Rxe8+ Kc7 38. Bxe5+ Bxe5 39. Rxe5 Kd6
40. Rg5 Nc4 41. Ka2 Ne3 42. Rg6+ Kc7 43. Kb3 Nxg4 44. Rxg4 Rf3+ 45. c3 Kc6 46.
Rg6+ Kc7 47. a4 Rf4 48. a5 Rh4 49. Rg3 Kc6 50. Re3 Rg4 51. Re8 Kd7 52. Re5 Kd6
53. Rc5 Rh4 54. Rc4 Rh3 55. Rd4+ Kc6 56. Rg4 Rh6 57. Kc4 Rf6 58. Re4 Rh6 59. Kd4
Rd6+ 60. Kc4 Rh6 61. Re7 Rh4+ 62. Kb3 Rg4 63. Rh7 Rf4 64. Rh3 Rg4 65. c4 Rg1 66.
Rh6+ Kc7 67. Re6 Rg3+ 68. Kc2 Rh3 69. Re2 Kc6 70. Rd2 Rg3 71. Rd3 Rg4 72. Kc3
Rg1 73. Re3 Rh1 74. Re6+ Kc7 75. Kd4 Kb8 76. Re8+ Ka7 77. Kd5 Rb1 78. Kc5 Rc1
79. Rd8 Rc2 80. Rd4 Rc1 81. Kd6 Rb1 82. c5 Rc1 83. Kc7 Rh1 84. Rd7 Rh6 85. Kc8
Rh8+ 86. Kc7 Rh6 87. Re7 Rh4 88. Kc8 Rh8+ 89. Kd7 Rh6 90. Rg7 Kb8 91. Rg8+ Ka7
92. Rg4 Kb8 93. Re4 Rh7+ 94. Kd6 Rh6+ 95. Kd5 Kc7 96. Re7+ Kb8 97. Re8+ Ka7 98.
Re7 Kb8 99. Re4 Kc7 100. Kc4 Rh1 101. Rf4 Rc1+ 102. Kd5 Rd1+ 103. Rd4 Re1 104.
Rd3 Rb1 105. Rd4 Re1 106. Re4 Rd1+ 107. Ke6 Kc6 108. Rh4 Re1+ 109. Kf5 Kb5 110.
Rh7 Kxb4 111. Rxb7+ Kxc5 112. Rb6 Ra1 113. Rxa6 Kb5 114. Ra8 Rxa5 115. Rxa5+
Kxa5 116. Ke4 1/2-1/2

[Event "World Rapid 2023"]
[Site "Samarkand UZB"]
[Date "2023.12.27"]
[EventDate "2023.12.26"]
[Round "7.49"]
[Result "1-0"]
[White "Shant Sargsyan"]
[Black "Renato Terry"]
[WhiteElo "2634"]
[BlackElo "2522"]
[PlyCount "84"]

1. d4 e6 2. Nf3 Nf6 3. c4 Bb4+ 4. Bd2 Qe7 5. g3 Nc6 6. Nc3 O-O 7. Bg2 Bxc3 8.
Bxc3 Ne4 9. Rc1 d6 10. d5 Nxc3 11. Rxc3 Nd8 12. Qc2 e5 13. c5 c6 14. O-O dxc5
15. Rxc5 Bf5 16. Qc3 b6 17. d6 Qxd6 18. Rxe5 Bg6 19. h4 f6 20. Re3 Ne6 21. Qb3
Bf7 22. Rd1 Qe7 23. Bh3 Rfe8 24. Rd2 Rab8 25. Qd1 Qb4 26. a3 Qa5 27. Rd6 Nf8 28.
Rxe8 Rxe8 29. Nd4 c5 30. Nf5 Qb5 31. Rd2 Qb3 32. Qc1 Be6 33. Nd6 Rd8 34. Rd3 Qa2
35. Bg2 c4 36. Rd4 Qb3 37. Nb5 Rc8 38. Nc3 b5 39. Be4 b4 40. Bc2 bxc3 41. Bxb3
cxb2 42. Qxb2 cxb3 1-0

[Event "World Rapid 2023"]
[Site "Samarkand UZB"]
[Date "2023.12.27"]
[EventDate "2023.12.26"]
[Round "7.50"]
[Result "1-0"]
[White "Alexandr Predke"]
[Black "Robert Ruck"]
[WhiteElo "2689"]
[BlackElo "2531"]
[PlyCount "62"]

1. d4 Nf6 2. c4 e6 3. Nf3 d5 4. Nc3 Bb4 5. cxd5 exd5 6. Qa4+ Nc6 7. Bg5 h6 8.
Bxf6 Qxf6 9. e3 O-O 10. Rc1 Qg6 11. h4 Be6 12. h5 Bxc3+ 13. bxc3 Qf6 14. Rh4 a6
15. Bd3 b5 16. Qd1 Rfe8 17. Bb1 Qd8 18. Qc2 f5 19. Rf4 Qd6 20. Nh4 Bd7 21. Kf1
Re4 22. Nxf5 Bxf5 23. Rxf5 Qh2 24. Qb3 Ne7 25. Bxe4 Qh1+ 26. Ke2 Qxc1 27. Rxd5
Kh8 28. Re5 Re8 29. Bg6 Rf8 30. Rxe7 Qg1 31. Qf7 1-0

[Event "World Rapid 2023"]
[Site "Samarkand UZB"]
[Date "2023.12.27"]
[EventDate "2023.12.26"]
[Round "7.51"]
[Result "0-1"]
[White "Nikolay Averin"]
[Black "Raunak Sadhwani"]
[WhiteElo "2246"]
[BlackElo "2654"]
[PlyCount "140"]

1. e4 e5 2. Nf3 Nc6 3. Bb5 a6 4. Ba4 Nf6 5. O-O Be7 6. Re1 b5 7. Bb3 O-O 8. h3
Bb7 9. c3 d6 10. d4 Nd7 11. a3 Bf6 12. Bc2 Re8 13. d5 Ne7 14. a4 Qb8 15. b3 Rd8
16. a5 c6 17. c4 Ng6 18. Be3 Qc7 19. Nbd2 Nf4 20. g3 Ng6 21. Qb1 Be7 22. Rc1 b4
23. Bd3 c5 24. h4 Nf6 25. Nh2 Rf8 26. Be2 Bd8 27. h5 Ne7 28. h6 g6 29. Rf1 Ne8
30. f4 exf4 31. Bxf4 Bc8 32. Qb2 Bh3 33. Rf3 Qd7 34. Rf2 Nc8 35. Ndf3 Bf6 36. e5
Bh8 37. Re1 Ne7 38. Qd2 Nf5 39. g4 Nd4 40. Nxd4 cxd4 41. Qxd4 f5 42. g5 Qd8 43.
Qe3 dxe5 44. Bxe5 Bxe5 45. Qxe5 Qxg5+ 46. Kh1 Nf6 47. Qf4 Qxf4 48. Rxf4 Rfe8 49.
Kg1 Rac8 50. Rf3 Bg4 51. Nxg4 Nxg4 52. Rd3 Kf7 53. d6 Re5 54. Kf1 Nf6 55. Bf3
Ne4 56. Rd4 Rf8 57. Red1 Nc5 58. Rd5 Rxd5 59. Rxd5 Nxb3 60. c5 Nxa5 61. Re5 b3
62. Bd5+ Kf6 63. Re6+ Kg5 64. Re2 Rd8 65. Ke1 f4 66. Kd2 f3 67. Bxf3 Nc4+ 68.
Kc3 Nxd6 69. cxd6 Rxd6 70. Kxb3 Rd3+ 0-1

[Event "World Rapid 2023"]
[Site "Samarkand UZB"]
[Date "2023.12.27"]
[EventDate "2023.12.26"]
[Round "7.53"]
[Result "1-0"]
[White "Aryan Tari"]
[Black "Aleksey Grebnev"]
[WhiteElo "2623"]
[BlackElo "2525"]
[PlyCount "100"]

1. e4 c5 2. Nf3 d6 3. Bb5+ Bd7 4. c4 Nf6 5. Nc3 g6 6. O-O Bg7 7. Bxd7+ Qxd7 8.
d4 cxd4 9. Qxd4 O-O 10. Bg5 Nc6 11. Qd3 Rac8 12. h3 h6 13. Bd2 Qe6 14. b3 Nd7
15. Rae1 Nc5 16. Qb1 Qd7 17. Rd1 Kh7 18. Rfe1 Rfd8 19. Nd5 e6 20. Nf4 Qe7 21.
Be3 a5 22. Re2 Ne5 23. Nd4 Nc6 24. Nb5 Be5 25. Nd3 Nxd3 26. Rxd3 Rd7 27. Rd1 a4
28. b4 Nb8 29. f4 Bg7 30. Red2 Rxc4 31. Nxd6 Rc3 32. Bf2 e5 33. f5 Qg5 34. h4
Qg4 35. b5 Bf8 36. Ne8 Rxd2 37. Nf6+ Kg7 38. Nxg4 Rdc2 39. f6+ Kh7 40. Rd8 Rc1+
41. Qxc1 Rxc1+ 42. Kh2 Bb4 43. Rxb8 Rc2 44. Rxb7 Rxa2 45. Rxf7+ Kh8 46. Nxe5 Kg8
47. Rg7+ Kf8 48. Nxg6+ Ke8 49. f7+ Kd8 50. Bb6+ 1-0

[Event "World Rapid 2023"]
[Site "Samarkand UZB"]
[Date "2023.12.27"]
[EventDate "2023.12.26"]
[Round "7.54"]
[Result "1/2-1/2"]
[White "Mikhail Kobalia"]
[Black "Matvey Galchenko"]
[WhiteElo "2542"]
[BlackElo "2438"]
[PlyCount "56"]

1. e4 c5 2. Nf3 g6 3. c3 Bg7 4. d4 cxd4 5. cxd4 d5 6. e5 a6 7. Bd3 Nc6 8. O-O f6
9. exf6 Nxf6 10. h3 O-O 11. Nc3 Nh5 12. Bc2 Rxf3 13. Qxf3 Nxd4 14. Qd1 e5 15.
Bb1 Be6 16. a3 Qd7 17. Ba2 Rf8 18. Re1 Qf7 19. Be3 Nf4 20. Bxf4 Qxf4 21. Bxd5
Qxf2+ 22. Kh1 Bxd5 23. Nxd5 Nf5 24. Nc3 Ng3+ 25. Kh2 Qf4 26. Kg1 Qf2+ 27. Kh2
Qf4 28. Kg1 Qf2+ 1/2-1/2